Turbo Pascal for Windows: Windows programación (Registro nro. 4411)
[ vista simple ]
| 000 -CABECERA | |
|---|---|
| campo de control de longitud fija | 00479aam a2200181 4500 |
| 005 - FECHA Y HORA DE ACTUALIZACIÓN | |
| campo de control | 20161117113815.0 |
| 008 - LONGITUD FIJA | |
| campo de control de longitud fija | 150409b xxu||||| |||| 00| 0 spa d |
| 041 ## - IDIOMA | |
| Código de idioma del texto/pista de sonido o título separado | |
| 082 ## - CLASIFICACIÓN DECIMAL DEWEY | |
| Número de clasificación | 005.133 T931t |
| 245 ## - TÍTULO PROPIAMENTE DICHO | |
| Título | Turbo Pascal for Windows: Windows programación |
| 260 ## - PIE DE IMPRENTA | |
| Lugar de publicación, distribución, etc. | Estados Unidos |
| 260 ## - PIE DE IMPRENTA | |
| Nombre del editor, distribuidor, etc. | Borland International |
| 300 ## - DESCRIPCIÓN FÍSICA | |
| Extensión | 348 páginas |
| 650 ## - Materia General | |
| Materia general | LENGUAJES DE PROGRAMACION |
| 650 ## - Materia General | |
| Materia general | TURBO PASCAL |
| 650 ## - Materia General | |
| Materia general | WINDOWS |
| 942 ## - Punto de Acceso Adicional Koha | |
| Tipo de ítem Koha | Libro |
| Estado perdido | Estado dañado | No para préstamo | Biblioteca permanente | Biblioteca actual | Signatura completa | Código de barras | Precio efectivo a partir del | Tipo de ítem |
|---|---|---|---|---|---|---|---|---|
| Departamento de Biblioteca y Documentación Alfonso Chase Brenes | Departamento de Biblioteca y Documentación Alfonso Chase Brenes | 005.133 T931t | 1062 | 12/12/2016 | Libro |